000 00654 a2200145 4500
245 _aInter-university cooperation in eastern and southern Africa
_b : report of the Vice-Chancellor's [i.e. Chancellors'] Workshop on Regional Co-operation among Universities held at the University of Zimbabwe, 4-6 June, 1984
_hprint
020 _a0869240870
700 _aMurphree, Marshall W.
700 _aNgara, E. A.
650 _aAfrican History
005 20191017173032.0
260 _arh
_bAssociation of Eastern and Southern Africa Universities
_c1984
084 _aLB2331.5 .V53 1984
300 _avi, 205 p.
_b 21 cm.
_cvi, 205 p. ; 21 cm.
500 _aeditors, M.W. Murphree, E.A. Ngara.
999 _c9709
_d9709